<?xml version="1.0" encoding="UTF-8"?>
<collection xmlns="http://www.loc.gov/MARC21/slim">
  <record>
    <leader>00000nam  2200000   4500</leader>
    <controlfield tag="001">INLIS000000000018197</controlfield>
    <controlfield tag="005">20240906032055</controlfield>
    <datafield tag="035" ind1="#" ind2="#">
      <subfield code="a">0010-0924000026</subfield>
    </datafield>
    <controlfield tag="007">ta</controlfield>
    <controlfield tag="008">240906################|##########|#|##</controlfield>
    <datafield tag="084" ind1="#" ind2="#">
      <subfield code="a">R 040 PKA 2023</subfield>
    </datafield>
    <datafield tag="100" ind1=" " ind2="#">
      <subfield code="a">Iman Nurzaman Fasa</subfield>
    </datafield>
    <datafield tag="245" ind1="1" ind2="#">
      <subfield code="a">Pengembangan Budaya Sadar Risiko Melalui Optimalisasi Penerapan Manajemen Risiko Pada Dinas Pertanian Kabupaten Lebak /</subfield>
      <subfield code="c">Iman Nurzaman Fasa</subfield>
    </datafield>
    <datafield tag="260" ind1="#" ind2="#">
      <subfield code="a">Jakarta :</subfield>
      <subfield code="b">Pusbangkom Pimnas dan Manajerial ASN,</subfield>
      <subfield code="c">2023</subfield>
    </datafield>
    <datafield tag="300" ind1="#" ind2="#">
      <subfield code="a">55 halaman ;</subfield>
      <subfield code="c">30 cm</subfield>
    </datafield>
    <datafield tag="650" ind1="#" ind2="4">
      <subfield code="a">Manajemen Risiko</subfield>
    </datafield>
    <datafield tag="520" ind1="#" ind2="#">
      <subfield code="a">Terdapat kesenjangan dalam Manajemen Risiko pada Dinas Pertanian Kabupaten Lebak, diantaranya adalah berkaitan dengan identifikasi risiko yang belum sepenuhnya menggali seluruh risiko yang potensial terjadi di masa depan. Para praktiknya identifikasi risiko baru dilakukan kepada sebagian risiko yang diperkirakan dapat menghambat proses pelaksanaan program dan kegiatan. Risiko yang mungkin terjadi hubungannya dengan praktik-praktik korupsi, penyelewengan, pungutan liar dan sebagainya, belum tergambar dengan pemberian bantuan kepada masyarakat rawan terjadi penyimpangan dalam pelaksanaannya.</subfield>
    </datafield>
    <datafield tag="856" ind1="#" ind2="#">
      <subfield code="a">Perpustakaan LAN Pusat</subfield>
    </datafield>
    <datafield tag="990" ind1="#" ind2="#">
      <subfield code="a">24.09.040</subfield>
    </datafield>
  </record>
</collection>
